Sense and sensibility / (Record no. 342347)
[ view plain ]
| 000 -LEADER | |
|---|---|
| fixed length control field | 00596nam a2200205Ia 4500 |
| 008 - FIXED-LENGTH DATA ELEMENTS--GENERAL INFORMATION | |
| fixed length control field | 170918s9999 xx 000 0 und d |
| 020 ## - INTERNATIONAL STANDARD BOOK NUMBER | |
| International Standard Book Number | 9780743487764 |
| 050 ## - LIBRARY OF CONGRESS CALL NUMBER | |
| Item number | A933 2004 |
| 100 ## - MAIN ENTRY--PERSONAL NAME | |
| Personal name | Austen, Jane |
| 245 ## - TITLE STATEMENT | |
| Title | Sense and sensibility / |
| 245 ## - TITLE STATEMENT | |
| Statement of responsibility, etc | Jane Austen ; supplementary material written by Karen Davidson ; series edited by Cynthia Brantley Johnson. |
| 260 ## - PUBLICATION, DISTRIBUTION, ETC. (IMPRINT) | |
| Place of publication, distribution, etc | New York : |
| 260 ## - PUBLICATION, DISTRIBUTION, ETC. (IMPRINT) | |
| Name of publisher, distributor, etc | Scholastic, |
| 260 ## - PUBLICATION, DISTRIBUTION, ETC. (IMPRINT) | |
| Date of publication, distribution, etc | 2004 |
| 300 ## - PHYSICAL DESCRIPTION | |
| Extent | 392 pages : |
| 300 ## - PHYSICAL DESCRIPTION | |
| Other physical details | colored illustration ; |
| 300 ## - PHYSICAL DESCRIPTION | |
| Dimensions | 17cm. |
| 440 ## - SERIES STATEMENT/ADDED ENTRY--TITLE | |
| Title | Simon & Schuster enriched classic. |
| 500 ## - GENERAL NOTE | |
| General note | 1180 |
| Withdrawn status | Lost status | Damaged status | Home library | Current library | Date acquired | Total Checkouts | Full call number | Barcode | Date last seen | Price effective from | Koha item type |
|---|---|---|---|---|---|---|---|---|---|---|---|
| Stonyhurst Southville International School (Malarayat) | Stonyhurst Southville International School (Malarayat) | 09/18/2017 | LEX A933 2004 | SSISM1419 | 09/18/2017 | 09/18/2017 | Lexile |